000 00383pam a2200157 a 4500
020 _a9780781796705
_c
041 _h
082 _a617.3
_bVIG
100 _aVIGORITA V.J.
245 _aORTHOPAEDIC PATHOLOGY + ONLINE
_hTextual Documents
250 _a2.
260 _bLIPPINCOTT WILLIAMS & WILKINS
_c2008
300 _a789:
_bXV;
_cHB+
_eONLINE.
930 _a5147
999 _c799674
_d799674
650 _aORTHO